banner-ar

السياسة الخارجية للاندلس فى عصر الخلافة الاموية و اثرها على الحياة الاقتصادية : (Record no. 62530)

MARC details
000 -الفاتح
حقل البيانات ثابتة الطول 00988nam a22002297a 4500
005 - وقت وتاريخ اخر تعامل مع التسجيلة
رقم الضبط 20240530110554.0
008 - عناصر البيانات ثابتة الطول - معلومات عامة
حقل البيانات ثابتة الطول 160808s2013 ly f b 000 0 ara d
017 ## - رقم الايداع القانونى
رقم الايداع القانونى 2012/44
المصدر ( الهيئة المختصة) ليبيا . دار الكتب الوطنية
020 ## - الرقم الدولى المعيارى للكتب
الرقم الدولى المعيارى للكتاب 9789959631350
040 ## - مصدر الفهرسة
وكالة الفهرسة الأصلية EG-CaGPL
082 04 - رقم تصنيف ديوى العشرى
رقم الطبعة 21
رقم التصنيف 953.0711\
رقم المادة ر س
100 0# - المدخل الرئيسى - إسم شخصى
الإسم الشخصى ربيعة عبدالسلام احمد الدباشى
245 12 - بيان العنوان
العنوان السياسة الخارجية للاندلس فى عصر الخلافة الاموية و اثرها على الحياة الاقتصادية :
بقية العنوان 316 - 422 هـ / 929 - 1031 م /
بيان المسئوليه,etc اعداد ربيعة عبدالسلام احمد الدباشى
250 ## - بيان الطبعة
بيان الطبعة ط. 1
260 ## - PUBLICATION, DISTRIBUTION, ETC. (IMPRINT)
تاريخ النشر أو التوزيع 2013 .
300 ## - الوصف المادى
التعداد 311 ص. ؛
أبعاد الوعاء 24 سم .
504 ## - تبصرة ببليوجرافية
تبصرة ببليوجرافية,الخ شتمل على ارجاعات ببليوجرافية<br/>
650 04 - المدخل الاضافى بالموضوع-مصطلح موضوعى
مصطلح موضوعي العرب فى اسبانيا
650 04 - المدخل الاضافى بالموضوع-مصطلح موضوعى
مصطلح موضوعي الامويون فى الاندلس
651 04 - المدخل الاضافى بالموضوع - اسم جغرافى
الاسم الجغرافي الاندلس
942 ## - عناصر المدخل الإضافي( كوها)
مصدر التصنيف او مخطط الترفيف Dewey Decimal Classification
Koha [default] item type كتاب
260 ## - PUBLICATION, DISTRIBUTION, ETC. (IMPRINT)
-- بنغازى :
-- جامعة الزاوية ،
Holdings
حالة التراجع حالة الفقد حالة تلف ليس للاعارة المكان المؤقت الموقع الحالى موقع الترفيف تاريخ الاكتساب اجمالي اﻻعارات رقم الطلب الباركود تاريخ اخر مشاهدة تاريخ تفعيل السعر نوع وعاء كوها
        مكتبة القاهرة الكبرى مكتبة القاهرة الكبرى القاعة الرئيسية 08/08/2016   953.0711\ ر س 162292 08/08/2016 08/08/2016 كتاب
        مكتبة القاهرة الكبرى مكتبة القاهرة الكبرى القاعة الرئيسية 01/21/2018   953.0711\ ر س 164063 01/21/2018 01/21/2018 كتاب

Powered By

EGPV